00325nam a22001457a 4500003000400000005001700004008004100021020001500062040000700077082001800084100002300102245002300125260002300148300000800171OSt20211223092057.0211223b |||||||| |||| 00| 0 eng d a0130661023 cHU 24th eda004.6 aTanenbaum S.Andrew aComputer Netwerks  aHALL PTRbHALL PTR f891